Top Goalscorers For FC Barcelona Since 2000 - Statistics

General Stats
  • This quiz has been taken 724 times
  • The average score is 18 of 25
Answer Stats
# Goals Years Nat. Answer % Correct
1 669 2004-2021 🇦🇷 Lionel Messi
100%
2 198 2014-2020 🇺🇾 Luis Suárez
100%
4 105 2013-2017 🇧🇷 Neymar
98%
12 57 2002-2018 🇪🇸 Andrés Iniesta
94%
7 92 2022- 🇵🇱 Robert Lewandowski
94%
9 84 2000-2015 🇪🇸 Xavi
94%
3 128 2005-2009 🇨🇲 Samuel Eto'o
92%
8 91 2003-2008 🇧🇷 Ronaldinho
88%
17 45 2022- 🇧🇷 Raphinha
86%
15 48 2010-2013 🇪🇸 David Villa
84%
5 99 2007-2015 🇪🇸 Pedro
77%
14 49 2007-2010 🇫🇷 Thierry Henry
77%
13 52 2008-2022 🇪🇸 Gerard Piqué
75%
22 36 2014-2020 🇭🇷 Ivan Rakitić
75%
21 40 2017-2023 🇫🇷 Ousmane Dembélé
73%
16 46 2011-2014 🇨🇱 Alexis Sánchez
72%
24 35 2019-2021 🇫🇷 Antoine Griezmann
71%
11 61 2000-2002 🇧🇷 Rivaldo
69%
22 36 2022- 🇪🇸 Ferran Torres
64%
6 95 2000-2004 🇳🇱 Patrick Kluivert
54%
19 42 2011-2014 🇪🇸 Cesc Fàbregas
46%
25 29 2019-'23, 2024- 🇪🇸 Ansu Fati
35%
10 72 2001-'04, 2006-'07 🇦🇷 Javier Saviola
31%
18 44 2000-2004 🇪🇸 Luis Enrique
20%
20 41 2007-2011 🇪🇸 Bojan Krkić
17%
No matching quizzes found
Score Distribution
Percent of People with Each Score
Percentile by Number Answered
Your Score History
You have not taken this quiz